The complete idiot's guide to American history / (Record no. 625)

MARC details
000 -LEADER
fixed length control field 01124cam a2200301 a 4500
005 - DATE AND TIME OF LATEST TRANSACTION
control field 20260322212027.0
008 - FIXED-LENGTH DATA ELEMENTS--GENERAL INFORMATION
fixed length control field data
010 ## - LIBRARY OF CONGRESS CONTROL NUMBER
LC control number 2008941482
020 ## - INTERNATIONAL STANDARD BOOK NUMBER
International Standard Book Number 9781592578696 (alk. paper)
040 ## - CATALOGING SOURCE
Original cataloging agency DLC
Transcribing agency DLC
Modifying agency DLC
043 ## - GEOGRAPHIC AREA CODE
Geographic area code n-us---
050 00 - LIBRARY OF CONGRESS CALL NUMBER
Classification number E178
Item number .A959 2009
082 00 - DEWEY DECIMAL CLASSIFICATION NUMBER
Classification number 973
Edition information 22
092 ## - LOCALLY ASSIGNED DEWEY CALL NUMBER (OCLC)
Classification number 973 Axe 2009
001 - CONTROL NUMBER
control field data
100 1# - MAIN ENTRY--PERSONAL NAME
Personal name Axelrod, Alan,
Dates associated with a name 1952-
245 14 - TITLE STATEMENT
Title The complete idiot's guide to American history /
Statement of responsibility, etc. Alan Axelrod.
246 30 - VARYING FORM OF TITLE
Title proper/short title American history
250 ## - EDITION STATEMENT
Edition statement 5th ed.
260 ## - PUBLICATION, DISTRIBUTION, ETC.
Place of publication, distribution, etc. Indianapolis, IN :
Name of publisher, distributor, etc. Alpha Books,
Date of publication, distribution, etc. 2009
300 ## - PHYSICAL DESCRIPTION
Extent xxi, 408 p. :
Other physical details ill. ;
Dimensions 24 cm.
490 0# - SERIES STATEMENT
Series statement Complete idiot's guide series
500 ## - GENERAL NOTE
General note Includes index.
651 #0 - SUBJECT ADDED ENTRY--GEOGRAPHIC NAME
Geographic name United States
General subdivision History.
906 ## - LOCAL DATA ELEMENT F, LDF (RLIN)
a 7
b cbc
c orignew
d 2
e epcn
f 20
g y-gencatlg
925 0# -
-- acquire
-- 2 shelf copies
-- policy default
955 ## - COPY-LEVEL INFORMATION (RLIN)
-- rf07 2009-12-10 telework; 2 copies to Dewey
Holdings
Withdrawn status Lost status Damaged status Not for loan Home library Current library Shelving location Date acquired Total checkouts Full call number Barcode Date last seen Price effective from Koha item type
        Midway Midway General stacks 22/03/2026   973 22 BC0010642 22/03/2026 22/03/2026 Books